Count to 20 in Polish - Statistics

General Stats
  • This quiz has been taken 1,942 times
  • The average score is 18 of 21
Answer Stats
Hint Answer % Correct
2 dwa
98%
1 jeden
98%
0 zero
94%
5 pięć
93%
3 trzy
93%
4 cztery
91%
8 osiem
91%
7 siedem
91%
6 sześć
88%
9 dziewięć
86%
12 dwanaście
85%
10 dziesięć
85%
13 trzynaście
84%
14 czternaście
83%
11 jedenaście
83%
15 piętnaście
82%
17 siedemnaście
81%
18 osiemnaście
80%
16 szesnaście
79%
19 dziewiętnaście
77%
20 dwadzieścia
76%
No matching quizzes found
Score Distribution
Percent of People with Each Score
Percentile by Number Answered
Your Score History
You have not taken this quiz